000
00277nam a22001217a 4500
082
_a
823
_b
SHA/T
100
_a
SHARON BOOKS
245
_a
TRUE FRIENDS
_b
NURSERY STORIES
260
_a
CHERTHALA
_b
SHARON BOOKS
300
_a
34
650
_a
ENGLISH SHORT STORY
_z
KERALA
942
_c
BK
999
_c
3574
_d
3574